[Event "Fynsmesterskabet"]
[Site "Odense"]
[Date "2011.06.01"]
[Round "1"]
[White "Antonsen, Mikkel"]
[Black "Pedersen, Hans Buus"]
[Result "1-0"]
[WhiteElo "2472"]
[BlackElo "2141"]
[PlyCount "87"]
[EventDate "2011.06.01"]
[EventType "swiss"]
[EventRounds "9"]
[EventCountry "DEN"]
[SourceTitle "CBM 142 Extra"]
[Source "ChessBase"]
[SourceDate "2011.06.27"]

1. d4 Nf6 2. c4 e5 3. dxe5 Ng4 4. Nf3 Bc5 5. e3 Nc6 6. Be2 O-O 7. O-O Re8 8.
Nc3 a5 9. b3 Ncxe5 10. Nd4 Nf6 11. Na4 b6 12. Nb5 Bb7 13. Nxc5 bxc5 14. f3 Bc6
15. Nc3 a4 16. bxa4 d6 17. Bd2 Nfd7 18. Qb3 Nb6 19. a5 Rxa5 20. a4 Ra6 21. a5
Nbd7 22. Nd5 Nf6 23. e4 Nfd7 24. Bc3 Ra7 25. Qc2 Nf8 26. Rfd1 Qh4 27. Ne3 Bd7
28. Qb2 f6 29. Qd2 Qh6 30. g3 Rea8 31. f4 Nc6 32. Nf5 Qg6 33. Bf3 Re8 34. Qg2
Nb4 35. Ne3 Qf7 36. Nd5 Rea8 37. e5 Rxa5 38. Rxa5 Rxa5 39. exf6 Ra2 40. Ne7+
Qxe7 41. fxe7 Rxg2+ 42. Bxg2 Ne6 43. Bxb4 cxb4 44. Bd5 1-0

[Event "Fynsmesterskabet"]
[Site "Odense"]
[Date "2011.06.01"]
[Round "1"]
[White "Bonnelykke, Ole"]
[Black "Hagen, Andreas Skytte"]
[Result "0-1"]
[WhiteElo "2067"]
[BlackElo "2346"]
[PlyCount "46"]
[EventDate "2011.06.01"]
[EventType "swiss"]
[EventRounds "9"]
[EventCountry "DEN"]
[SourceTitle "CBM 142 Extra"]
[Source "ChessBase"]
[SourceDate "2011.06.27"]

1. d4 Nf6 2. Nc3 d5 3. e4 Nxe4 4. Nxe4 dxe4 5. Bf4 e6 6. c3 c5 7. Bxb8 Rxb8 8.
dxc5 Qxd1+ 9. Rxd1 Bxc5 10. Bb5+ Ke7 11. b4 Bd6 12. Ne2 Rd8 13. O-O Bd7 14.
Bxd7 Rxd7 15. Rd4 f5 16. f3 exf3 17. Rxf3 Rbd8 18. g4 e5 19. Rc4 b5 20. Rc6 f4
21. g5 Bc7 22. Rh3 Bb6+ 23. Kg2 Rd3 0-1

[Event "Fynsmesterskabet"]
[Site "Odense"]
[Date "2011.06.01"]
[Round "1"]
[White "Christensen, Bo Garner"]
[Black "Almer, Julia"]
[Result "1-0"]
[WhiteElo "2287"]
[BlackElo "1949"]
[PlyCount "59"]
[EventDate "2011.06.01"]
[EventType "swiss"]
[EventRounds "9"]
[EventCountry "DEN"]
[SourceTitle "CBM 142 Extra"]
[Source "ChessBase"]
[SourceDate "2011.06.27"]

1. e4 e6 2. Nf3 d5 3. e5 c5 4. b4 cxb4 5. a3 Nc6 6. axb4 Qc7 7. d4 Bxb4+ 8. c3
Be7 9. Bd3 f6 10. Bf4 Qb6 11. Na3 a6 12. Nb5 fxe5 13. Nxe5 Nf6 14. Ng6 e5 15.
Nxe5 Nxe5 16. Bxe5 O-O 17. Nc7 Ra7 18. O-O Qc6 19. Qb3 Rd8 20. c4 dxc4 21.
Bxc4+ Kh8 22. Rac1 Qe4 23. Rfe1 Qg6 24. Bf7 Qf5 25. f3 b5 26. Qe3 Bb4 27. Re2
h6 28. d5 Nd7 29. Qxh6+ Qh7 30. Bxg7# 1-0

[Event "Fynsmesterskabet"]
[Site "Odense"]
[Date "2011.06.01"]
[Round "1"]
[White "Danielsen, Henrik"]
[Black "Kjolberg, Lars"]
[Result "1/2-1/2"]
[WhiteElo "2545"]
[BlackElo "2145"]
[PlyCount "189"]
[EventDate "2011.06.01"]
[EventType "swiss"]
[EventRounds "9"]
[EventCountry "DEN"]
[SourceTitle "CBM 142 Extra"]
[Source "ChessBase"]
[SourceDate "2011.06.27"]

1. d4 Nf6 2. c4 g6 3. Nc3 Bg7 4. e4 d6 5. f4 O-O 6. Nf3 c5 7. d5 e6 8. dxe6
fxe6 9. Bd3 Nh5 10. g3 Nc6 11. O-O Nd4 12. Ng5 Nf6 13. e5 dxe5 14. fxe5 Nd7 15.
Rxf8+ Nxf8 16. Bf4 h6 17. Nge4 g5 18. Nf6+ Bxf6 19. exf6 Qxf6 20. Ne4 Qg7 21.
Bd6 b6 22. Qf1 Nd7 23. g4 Bb7 24. Qf2 Nc6 25. Rd1 Qd4 26. h3 Qxf2+ 27. Kxf2
Nde5 28. Be2 Rd8 29. b3 Nf7 30. Bf3 Kg7 31. Bh1 Kg6 32. Ke1 Nb4 33. Bc7 Rxd1+
34. Kxd1 Nxa2 35. Bb8 a6 36. Ba7 Ne5 37. Bxb6 Nd7 38. Ba5 Nb4 39. Nxc5 Bxh1 40.
Nxd7 Nc6 41. Bc3 Bg2 42. Ke2 Bxh3 43. Kf3 a5 44. Kg3 Bf1 45. Nc5 e5 46. Kf2 Bh3
47. Kf3 Bf1 48. Nd7 a4 49. bxa4 Bxc4 50. a5 Bd5+ 51. Kg3 Bc4 52. Nc5 Nb8 53.
Bxe5 Na6 54. Nd7 h5 55. Bd6 Be2 56. Ne5+ Kf6 57. gxh5 Bxh5 58. Nc6 Bd1 59. Nd4
Kg6 60. Be7 g4 61. Kf4 Kf7 62. Bh4 Ke8 63. Ke5 Kd7 64. Kd5 Bf3+ 65. Kc4 Bc6 66.
Bg3 Ba4 67. Nf5 Kc6 68. Ne7+ Kb7 69. Ng6 Be8 70. Ne5 Ba4 71. Nxg4 Be8 72. Ne5
Ba4 73. Nf7 Bd1 74. Nd8+ Kc8 75. Bh4 Be2+ 76. Kd5 Kd7 77. Bg5 Bf3+ 78. Ke5 Nb4
79. Kf4 Ba8 80. Nf7 Kc6 81. Bd8 Kd7 82. Bh4 Kc6 83. Bd8 Kd7 84. Bh4 Kc6 85. Ke3
Kb5 86. Bd8 Nc6 87. Nd6+ Ka6 88. Bc7 Nxa5 89. Kd4 Bf3 90. Kc3 Nb7 91. Nc4 Kb5
92. Bb8 Bh1 93. Ne5 Nd8 94. Bc7 Ne6 95. Bd6 1/2-1/2

[Event "Fynsmesterskabet"]
[Site "Odense"]
[Date "2011.06.01"]
[Round "1"]
[White "Eriksson, Christian Altenburg"]
[Black "Smith, Axel"]
[Result "0-1"]
[WhiteElo "2139"]
[BlackElo "2450"]
[PlyCount "104"]
[EventDate "2011.06.01"]
[EventType "swiss"]
[EventRounds "9"]
[EventCountry "DEN"]
[SourceTitle "CBM 142 Extra"]
[Source "ChessBase"]
[SourceDate "2011.06.27"]

1. e4 e5 2. Nf3 Nc6 3. Bb5 Nf6 4. O-O Nxe4 5. Re1 Nd6 6. Nxe5 Be7 7. Bf1 Nf5 8.
c3 Nxe5 9. Rxe5 d6 10. Re1 O-O 11. d4 d5 12. Bd3 Bd6 13. Nd2 c6 14. Nf3 Nh4 15.
g3 Ng6 16. Ng5 Qf6 17. Qf3 Qxf3 18. Nxf3 a5 19. a4 b6 20. b3 Bg4 21. Kg2 Rfe8
22. Bd2 c5 23. Bb5 Rxe1 24. Rxe1 Rc8 25. Be3 Bf5 26. Nd2 Be6 27. Nf3 Ne7 28.
dxc5 bxc5 29. Bd2 Bf5 30. Nh4 Bc2 31. c4 Bxb3 32. Bxa5 Bxc4 33. Bxc4 dxc4 34.
Rd1 Be5 35. Nf3 Bf6 36. g4 h6 37. Nd2 Nc6 38. Bb6 c3 39. Ne4 Bd4 40. Bxc5 Bxc5
41. Nxc5 c2 42. Rf1 Nd4 43. Nd3 Rc3 44. Nc1 Ra3 45. Re1 Rxa4 46. Re4 Kh7 47. f3
Rb4 48. h4 g5 49. hxg5 hxg5 50. f4 Nb3 51. Rxb4 Nxc1 52. Rc4 Nd3 0-1

[Event "Fynsmesterskabet"]
[Site "Odense"]
[Date "2011.06.01"]
[Round "1"]
[White "Frantsen, Tom"]
[Black "Bromann, Thorbjorn"]
[Result "0-1"]
[WhiteElo "2117"]
[BlackElo "2405"]
[PlyCount "54"]
[EventDate "2011.06.01"]
[EventType "swiss"]
[EventRounds "9"]
[EventCountry "DEN"]
[SourceTitle "CBM 142 Extra"]
[Source "ChessBase"]
[SourceDate "2011.06.27"]

1. e4 g6 2. d4 Bg7 3. Nc3 d6 4. Be2 a6 5. h4 h5 6. Bg5 Nc6 7. Nf3 Bg4 8. Be3 b5
9. d5 Bxf3 10. Bxf3 Ne5 11. Be2 c5 12. dxc6 Nxc6 13. Nd5 Rb8 14. c3 e6 15. Nf4
Nf6 16. Qc2 Ne5 17. Rd1 Qc7 18. Rh3 Neg4 19. Bc1 Qb6 20. Be3 Qa5 21. Rxd6 Qxa2
22. Bc1 Bf8 23. Rd1 Qa5 24. f3 Ne5 25. Nd3 Nc6 26. Bf4 Rc8 27. Qb3 Nd4 0-1

[Event "Fynsmesterskabet"]
[Site "Odense"]
[Date "2011.06.01"]
[Round "1"]
[White "Fries Nielsen, Niels Jorgen"]
[Black "Knudsen, Jesper"]
[Result "1-0"]
[WhiteElo "2326"]
[BlackElo "2050"]
[PlyCount "109"]
[EventDate "2011.06.01"]
[EventType "swiss"]
[EventRounds "9"]
[EventCountry "DEN"]
[SourceTitle "CBM 142 Extra"]
[Source "ChessBase"]
[SourceDate "2011.06.27"]

1. g3 g6 2. Bg2 Bg7 3. c3 c5 4. e4 Nc6 5. Ne2 e6 6. O-O Nge7 7. d3 O-O 8. Be3
b6 9. Na3 d5 10. d4 cxd4 11. exd5 dxe3 12. dxc6 Qxd1 13. Rfxd1 Ba6 14. Nd4
exf2+ 15. Kxf2 Rac8 16. b4 b5 17. Rac1 Bxd4+ 18. cxd4 Rc7 19. Rc5 Rb8 20. d5
exd5 21. Bxd5 Nxd5 22. Rdxd5 Rbc8 23. Rd6 Kf8 24. Nxb5 Bxb5 25. Rxb5 Rxc6 26.
Rxc6 Rxc6 27. Ra5 a6 28. Ke3 Ke7 29. Kd4 Kd6 30. a4 Ke6 31. Re5+ Kd6 32. h4 Rc2
33. Ra5 Rc6 34. g4 h6 35. g5 hxg5 36. hxg5 Ke6 37. Re5+ Kd6 38. Rc5 Rb6 39. b5
axb5 40. axb5 Kd7 41. Rd5+ Ke6 42. Re5+ Kd6 43. Rc5 Kd7 44. Rd5+ Ke6 45. Kc4 f6
46. gxf6 Kxf6 47. Kc5 Rb8 48. Kc6 Rc8+ 49. Kd7 Rc2 50. b6 Rb2 51. Kc6 g5 52. b7
Rc2+ 53. Rc5 Rb2 54. Rb5 Rc2+ 55. Kb6 1-0

[Event "Fynsmesterskabet"]
[Site "Odense"]
[Date "2011.06.01"]
[Round "1"]
[White "Frisk, Ellinor"]
[Black "Epishin, Vladimir"]
[Result "0-1"]
[WhiteElo "2162"]
[BlackElo "2562"]
[PlyCount "64"]
[EventDate "2011.06.01"]
[EventType "swiss"]
[EventRounds "9"]
[EventCountry "DEN"]
[SourceTitle "CBM 142 Extra"]
[Source "ChessBase"]
[SourceDate "2011.06.27"]

1. d4 Nf6 2. Nc3 d5 3. Bg5 Nbd7 4. Qd3 c6 5. Nf3 b5 6. a3 h6 7. Bxf6 Nxf6 8. e4
e6 9. e5 Nd7 10. Be2 Be7 11. O-O O-O 12. Ne1 c5 13. Nxb5 Qb6 14. dxc5 Nxc5 15.
Qe3 Bd7 16. Nd4 Qxb2 17. Nd3 Qc3 18. Nxc5 Qxe3 19. fxe3 Bxc5 20. c3 Rfc8 21.
Bd3 Bb6 22. Rfc1 Rc5 23. Kf2 Rac8 24. Ba6 R8c7 25. Ne2 Kf8 26. Bd3 Ke7 27. Ke1
Rc8 28. Ba6 Rb8 29. Nd4 Bc7 30. Nf3 Ba5 31. Rab1 Rxb1 32. Rxb1 Rxc3 0-1

[Event "Fynsmesterskabet"]
[Site "Odense"]
[Date "2011.06.01"]
[Round "1"]
[White "Grau, Peter"]
[Black "Mikkelsen, Nikolaj"]
[Result "0-1"]
[WhiteElo "2101"]
[BlackElo "2401"]
[PlyCount "70"]
[EventDate "2011.06.01"]
[EventType "swiss"]
[EventRounds "9"]
[EventCountry "DEN"]
[SourceTitle "CBM 142 Extra"]
[Source "ChessBase"]
[SourceDate "2011.06.27"]

1. e4 c5 2. Nf3 d6 3. d4 cxd4 4. Nxd4 Nf6 5. Nc3 Nc6 6. Be2 g6 7. O-O Bg7 8.
Be3 O-O 9. h3 Bd7 10. Qd2 Nxd4 11. Bxd4 Bc6 12. Bf3 b5 13. Rad1 Qc7 14. a3 Rac8
15. Qg5 Qb7 16. Rfe1 e5 17. Be3 Nxe4 18. Bxe4 Bxe4 19. Nxe4 Qxe4 20. Bc5 Qxc2
21. Bxd6 Rfe8 22. Rc1 Qxb2 23. Rxc8 Rxc8 24. Qe7 Bf8 25. Bxe5 Qxf2+ 26. Kxf2
Bxe7 27. Rb1 a6 28. Rb3 f6 29. Bc3 Kf7 30. Kf3 Rc4 31. Ke3 h5 32. Kf3 g5 33.
Bd2 h4 34. Ke3 Ke6 35. Kd3 Bd6 0-1

[Event "Fynsmesterskabet"]
[Site "Odense"]
[Date "2011.06.01"]
[Round "1"]
[White "Hansen, Lars Henrik Bech"]
[Black "Bank Friis, Carsten"]
[Result "0-1"]
[WhiteElo "1993"]
[BlackElo "2321"]
[PlyCount "62"]
[EventDate "2011.06.01"]
[EventType "swiss"]
[EventRounds "9"]
[EventCountry "DEN"]
[SourceTitle "CBM 142 Extra"]
[Source "ChessBase"]
[SourceDate "2011.06.27"]

1. e4 c6 2. d4 d5 3. Nc3 dxe4 4. Nxe4 Nf6 5. Nxf6+ gxf6 6. Nf3 Bg4 7. Be2 e6 8.
Be3 Na6 9. Qd2 Nb4 10. c4 Bf5 11. O-O Nc2 12. Rad1 Nxe3 13. Qxe3 Qb6 14. b3
O-O-O 15. a4 Bb4 16. Bd3 Bg6 17. Qf4 Be7 18. a5 Qxa5 19. Ra1 Qc7 20. Qd2 a6 21.
Be2 c5 22. Qc3 Be4 23. dxc5 Qxc5 24. Ra4 Rhg8 25. b4 Qc6 26. Qb3 Bd3 27. b5 Qe4
28. bxa6 Bxe2 29. a7 Rxg2+ 30. Kh1 Rg1+ 31. Kxg1 Qg4+ 0-1

[Event "Fynsmesterskabet"]
[Site "Odense"]
[Date "2011.06.01"]
[Round "1"]
[White "Hansen, Mads"]
[Black "Hansen, Ib Lynaes"]
[Result "1-0"]
[WhiteElo "2225"]
[BlackElo "1920"]
[PlyCount "65"]
[EventDate "2011.06.01"]
[EventType "swiss"]
[EventRounds "9"]
[EventCountry "DEN"]
[SourceTitle "CBM 142 Extra"]
[Source "ChessBase"]
[SourceDate "2011.06.27"]

1. e4 d6 2. d4 g6 3. Nc3 Bg7 4. g3 Nf6 5. Bg2 c6 6. Nge2 a5 7. O-O O-O 8. a4
Bg4 9. Be3 Na6 10. h3 Bd7 11. Qd2 Nb4 12. Rad1 Qc8 13. Kh2 d5 14. e5 Ne4 15.
Nxe4 dxe4 16. Nc3 c5 17. dxc5 Bc6 18. Bf4 Qe6 19. Bxe4 Bxe5 20. Bxc6 Bxf4 21.
Qxf4 Qxc6 22. Ne4 Nxc2 23. Rd2 Nb4 24. Rfd1 b6 25. Qh4 f6 26. Rd7 Rf7 27. R1d6
exd6 28. Nxf6+ Kg7 29. Qxh7+ Kxf6 30. Qxf7+ Ke5 31. Qf4+ Kd5 32. Rxd6+ Kxc5 33.
Qd4# 1-0

[Event "Fynsmesterskabet"]
[Site "Odense"]
[Date "2011.06.01"]
[Round "1"]
[White "Kantans, Toms"]
[Black "Johansen, Johnny Holler"]
[Result "1-0"]
[WhiteElo "2306"]
[BlackElo "1986"]
[PlyCount "99"]
[EventDate "2011.06.01"]
[EventType "swiss"]
[EventRounds "9"]
[EventCountry "DEN"]
[SourceTitle "CBM 142 Extra"]
[Source "ChessBase"]
[SourceDate "2011.06.27"]

1. e4 c5 2. Nf3 Nc6 3. d4 cxd4 4. Nxd4 g6 5. Nc3 Bg7 6. Be3 Nf6 7. Bc4 O-O 8.
Bb3 a5 9. f3 d5 10. exd5 Nb4 11. Bf2 Nfxd5 12. Nxd5 Nxd5 13. c3 a4 14. Bxd5
Qxd5 15. O-O a3 16. b3 e5 17. Nc2 Qxd1 18. Raxd1 Bf5 19. Ne3 Be6 20. c4 Rfd8
21. Nc2 Bf5 22. Nb4 Be6 23. Bb6 Rxd1 24. Rxd1 f5 25. Nd3 Kf7 26. Nc5 Bc8 27.
Nxb7 Bxb7 28. Rd7+ Ke6 29. Rxb7 Bf6 30. Kf2 h5 31. Ke2 g5 32. Ra7 Rg8 33. Ra6
Kf7 34. Rxa3 g4 35. Kf1 gxf3 36. gxf3 e4 37. b4 Ke6 38. Ra6 Kf7 39. fxe4 fxe4
40. a4 Bc3 41. b5 Be5 42. Ra7+ Ke6 43. Rh7 Rg5 44. a5 Bxh2 45. a6 Rg3 46. a7
Ra3 47. Rh8 Ra1+ 48. Kg2 Ra2+ 49. Kh3 Be5 50. Re8+ 1-0

[Event "Fynsmesterskabet"]
[Site "Odense"]
[Date "2011.06.01"]
[Round "1"]
[White "Kjolberg, Jens Hjorth"]
[Black "Rendboe, John Filip"]
[Result "1/2-1/2"]
[WhiteElo "1931"]
[BlackElo "2272"]
[PlyCount "51"]
[EventDate "2011.06.01"]
[EventType "swiss"]
[EventRounds "9"]
[EventCountry "DEN"]
[SourceTitle "CBM 142 Extra"]
[Source "ChessBase"]
[SourceDate "2011.06.27"]

1. e4 c5 2. Nf3 Nc6 3. d4 cxd4 4. Nxd4 Nf6 5. Nc3 e5 6. Ndb5 d6 7. Bg5 a6 8.
Na3 b5 9. Nd5 Be7 10. Bxf6 Bxf6 11. c3 O-O 12. Nc2 Bg5 13. a4 bxa4 14. Rxa4 a5
15. Bc4 Be6 16. O-O Rc8 17. Nde3 Qc7 18. Bd5 Rfd8 19. Qh5 h6 20. Rfa1 Qd7 21.
Qf3 Rb8 22. Nc4 Rb5 23. Qd3 Rdb8 24. h3 Bd8 25. N2e3 Bc7 26. R1a2 1/2-1/2

[Event "Fynsmesterskabet"]
[Site "Odense"]
[Date "2011.06.01"]
[Round "1"]
[White "Lund, Silas"]
[Black "Skjoldager, Per"]
[Result "1-0"]
[WhiteElo "2401"]
[BlackElo "2107"]
[PlyCount "53"]
[EventDate "2011.06.01"]
[EventType "swiss"]
[EventRounds "9"]
[EventCountry "DEN"]
[SourceTitle "CBM 142 Extra"]
[Source "ChessBase"]
[SourceDate "2011.06.27"]

1. d4 Nf6 2. c4 e6 3. Nc3 d5 4. cxd5 exd5 5. Bg5 Be7 6. e3 c6 7. Bd3 Bg4 8. Qc2
Nbd7 9. h3 Be6 10. Nge2 h6 11. Bf4 O-O 12. O-O Re8 13. Rad1 Nf8 14. f3 Nh5 15.
Bh2 Bd6 16. e4 Bxh2+ 17. Kxh2 Qh4 18. e5 g6 19. f4 f5 20. exf6 Bxh3 21. f7+
Kxf7 22. gxh3 Re3 23. Ng1 Rae8 24. Qf2 Rg3 25. Nce2 Ree3 26. Nxg3 Rxg3 27. Be2
1-0

[Event "Fynsmesterskabet"]
[Site "Odense"]
[Date "2011.06.01"]
[Round "1"]
[White "Meszaros, Michal"]
[Black "Andersen, Lars Ren"]
[Result "1-0"]
[WhiteElo "2414"]
[BlackElo "2137"]
[PlyCount "57"]
[EventDate "2011.06.01"]
[EventType "swiss"]
[EventRounds "9"]
[EventCountry "DEN"]
[SourceTitle "CBM 142 Extra"]
[Source "ChessBase"]
[SourceDate "2011.06.27"]

1. e4 c5 2. Nf3 d6 3. d4 cxd4 4. Nxd4 Nf6 5. Nc3 a6 6. Be2 e5 7. Nb3 Be6 8. f4
Qc7 9. g4 exf4 10. g5 Nfd7 11. Bxf4 Nc6 12. Qd2 Be7 13. O-O-O Nce5 14. h4 O-O
15. h5 Rfe8 16. Nd4 Bf8 17. Nf5 Rac8 18. Nxd6 Bxd6 19. Qxd6 Qa5 20. a3 Rc6 21.
Qb4 Qc7 22. Kb1 Rc8 23. Rd2 Nb6 24. Rhd1 Nbd7 25. Rxd7 Bxd7 26. Bxe5 Qxe5 27.
Rxd7 Qxg5 28. Qxb7 Qf4 29. Qxc6 1-0

[Event "Fynsmesterskabet"]
[Site "Odense"]
[Date "2011.06.01"]
[Round "1"]
[White "Nord, Michael"]
[Black "Rewitz, Poul"]
[Result "0-1"]
[WhiteElo "1974"]
[BlackElo "2289"]
[PlyCount "118"]
[EventDate "2011.06.01"]
[EventType "swiss"]
[EventRounds "9"]
[EventCountry "DEN"]
[SourceTitle "CBM 142 Extra"]
[Source "ChessBase"]
[SourceDate "2011.06.27"]

1. e4 c6 2. d4 d5 3. e5 Bf5 4. Nf3 e6 5. Be2 c5 6. Be3 Qb6 7. Nc3 Qxb2 8. Qb1
Qb4 9. a3 Qxb1+ 10. Rxb1 c4 11. Rxb7 Nd7 12. Nb5 Rb8 13. Rxb8+ Nxb8 14. Kd2 a6
15. Nd6+ Bxd6 16. exd6 Nf6 17. Rb1 Ne4+ 18. Ke1 O-O 19. Nh4 Nc3 20. Rb2 Na4 21.
Ra2 Be4 22. f3 Bg6 23. Nxg6 hxg6 24. Ra1 Nd7 25. Rb1 Rb8 26. Rxb8+ Nxb8 27. Kd2
Kf8 28. c3 Ke8 29. Bd1 Nb6 30. Bc2 Kd7 31. h4 Nc6 32. Bf4 Na7 33. a4 a5 34. g4
Nac8 35. Be5 f6 36. Bf4 Nxd6 37. Bxd6 Kxd6 38. g5 Ke7 39. f4 Kf7 40. Ke3 Nc8
41. Kf3 Ne7 42. Kg3 Nc6 43. Kf3 e5 44. fxe5 fxe5 45. dxe5 d4 46. Be4 dxc3 47.
Ke2 Nd4+ 48. Kd1 Ke6 49. Bxg6 Nf3 50. h5 Nxg5 51. Kc2 Kxe5 52. Kxc3 Kd5 53. Bf5
Kc5 54. Bg6 Kd5 55. Bf5 Nf7 56. Bh7 Nd6 57. Bg6 Ke5 58. Bh7 Nc8 59. Bg8 Nb6 0-1

[Event "Fynsmesterskabet"]
[Site "Odense"]
[Date "2011.06.01"]
[Round "1"]
[White "Brondt, Nicolai Kvist"]
[Black "Lafuente, Pablo"]
[Result "1/2-1/2"]
[WhiteElo "2151"]
[BlackElo "2555"]
[PlyCount "70"]
[EventDate "2011.06.01"]
[EventType "swiss"]
[EventRounds "9"]
[EventCountry "DEN"]
[SourceTitle "CBM 142 Extra"]
[Source "ChessBase"]
[SourceDate "2011.06.27"]

1. Nf3 Nf6 2. c4 e6 3. d4 b6 4. g3 Ba6 5. b3 d5 6. Bg2 c6 7. O-O Nbd7 8. Nbd2
Rc8 9. e4 dxe4 10. Ng5 Be7 11. Ngxe4 O-O 12. Bb2 b5 13. c5 Nd5 14. Qe2 Re8 15.
f4 N7f6 16. a3 Nxe4 17. Nxe4 Rc7 18. b4 Bc8 19. Rfd1 a5 20. Qe1 Ra7 21. Bc3 Bd7
22. bxa5 Nxc3 23. Nxc3 Qxa5 24. a4 b4 25. Ne4 Rb8 26. Rdb1 b3 27. Ra3 Bf6 28.
Qxa5 Rxa5 29. Nxf6+ gxf6 30. Raxb3 Rxb3 31. Rxb3 Rxa4 32. Rb8+ Kg7 33. Rd8 Ra7
34. Kf2 f5 35. Ke3 Ra3+ 1/2-1/2

[Event "Fynsmesterskabet"]
[Site "Odense"]
[Date "2011.06.01"]
[Round "1"]
[White "Rhee, Alexander H"]
[Black "Teplyi, Igor"]
[Result "0-1"]
[WhiteElo "2097"]
[BlackElo "2387"]
[PlyCount "110"]
[EventDate "2011.06.01"]
[EventType "swiss"]
[EventRounds "9"]
[EventCountry "DEN"]
[SourceTitle "CBM 142 Extra"]
[Source "ChessBase"]
[SourceDate "2011.06.27"]

1. c4 e5 2. a3 g6 3. d4 d6 4. Nc3 Bg7 5. dxe5 dxe5 6. Qxd8+ Kxd8 7. Bg5+ f6 8.
O-O-O+ Nd7 9. Bd2 Nh6 10. Ne4 Nf7 11. h4 h5 12. Rh3 Ke8 13. Rg3 Nf8 14. Rb3 Ne6
15. Rg3 Nf8 16. Rb3 b6 17. g3 Bd7 18. Bg2 Ba4 19. Bb4 c5 20. Nxc5 bxc5 21. Bxa8
cxb4 22. Rxb4 Bxd1 23. Kxd1 Ke7 24. Bd5 Nd7 25. Rb7 Nd6 26. Rxa7 Rc8 27. b3 Bf8
28. e3 Kd8 29. Be6 Rc7 30. Ra8+ Ke7 31. Bg8 Bh6 32. Ra5 Nc5 33. Kc2 Nce4 34.
Nh3 Bf8 35. Bd5 Bh6 36. Kd3 Nc5+ 37. Kc2 Nd7 38. Kd3 Bf8 39. Kc2 Kd8 40. Ra8+
Nc8 41. Ra6 Ndb6 42. Be4 Rg7 43. Kc3 g5 44. hxg5 fxg5 45. a4 g4 46. Ng1 Rf7 47.
f3 Bc5 48. a5 Nd7 49. Kd2 Bb4+ 50. Ke2 Nc5 51. Bd5 gxf3+ 52. Kf2 Rf8 53. Rh6
Bxa5 54. e4 Nxb3 55. c5 Be1+ 0-1

[Event "Fynsmesterskabet"]
[Site "Odense"]
[Date "2011.06.01"]
[Round "1"]
[White "Skjoldager, Mikael"]
[Black "Carlstedt, Jonathan"]
[Result "0-1"]
[WhiteElo "1990"]
[BlackElo "2308"]
[PlyCount "68"]
[EventDate "2011.06.01"]
[EventType "swiss"]
[EventRounds "9"]
[EventCountry "DEN"]
[SourceTitle "CBM 142 Extra"]
[Source "ChessBase"]
[SourceDate "2011.06.27"]

1. e4 e6 2. d4 d5 3. Nc3 dxe4 4. Nxe4 Qd5 5. Qd3 Nc6 6. c3 Be7 7. Nf3 Nf6 8.
Nxf6+ Bxf6 9. Bf4 Qd7 10. Be2 O-O 11. O-O b6 12. Rfe1 Bb7 13. Bd1 Rfe8 14. Bc2
g6 15. Rad1 Rad8 16. Bg5 Qe7 17. Bxf6 Qxf6 18. Nd2 Kg7 19. Qg3 Qe7 20. f4 Qd7
21. Ne4 Na5 22. Ng5 Nc4 23. b3 Nd6 24. c4 h6 25. Nf3 Bxf3 26. Qxf3 c6 27. Qc3
Kh7 28. d5 exd5 29. Rxe8 Rxe8 30. cxd5 c5 31. Qf3 Qe7 32. Kf2 Qf6 33. g3 Qb2
34. Rd2 Ne4+ 0-1

[Event "Fynsmesterskabet"]
[Site "Odense"]
[Date "2011.06.01"]
[Round "1"]
[White "Stigar, Petter"]
[Black "Preuss, Flemming"]
[Result "1-0"]
[WhiteElo "2314"]
[BlackElo "1991"]
[PlyCount "115"]
[EventDate "2011.06.01"]
[EventType "swiss"]
[EventRounds "9"]
[EventCountry "DEN"]
[SourceTitle "CBM 142 Extra"]
[Source "ChessBase"]
[SourceDate "2011.06.27"]

1. Nf3 f5 2. d4 Nf6 3. g3 g6 4. Bg2 Bg7 5. O-O d6 6. c4 O-O 7. Nc3 Nc6 8. d5
Ne5 9. Qb3 Kh8 10. Nd4 a6 11. Rd1 Qe8 12. f4 Neg4 13. h3 Nh6 14. Ne6 Bxe6 15.
dxe6 Rb8 16. c5 dxc5 17. Be3 b6 18. Rd2 Rd8 19. Rad1 Rd6 20. Bb7 Qb8 21. Bxa6
Rfd8 22. Rxd6 Rxd6 23. Bc4 Qd8 24. a4 Rxd1+ 25. Qxd1 Qxd1+ 26. Nxd1 Ne4 27. Kg2
Ng8 28. b3 Ngf6 29. Nf2 Nxf2 30. Kxf2 Ne4+ 31. Kf3 Bd4 32. g4 Bxe3 33. Kxe3 Nd6
34. g5 Kg7 35. Bd5 Kf8 36. Bc6 Kg7 37. h4 Kf8 38. Kd3 Kg7 39. Bf3 Kg8 40. e4
fxe4+ 41. Bxe4 Kg7 42. Ke3 Kg8 43. Bd3 Kg7 44. Kf3 Kg8 45. Kg4 Kg7 46. h5 gxh5+
47. Kxh5 Ne8 48. Kg4 Nd6 49. Kf3 Kg8 50. f5 Kg7 51. Kf4 h6 52. gxh6+ Kxh6 53.
Ke5 Kg7 54. Kd5 Kf6 55. Kc6 b5 56. axb5 Ke5 57. Kxc7 Kd4 58. Bc4 1-0

[Event "Fynsmesterskabet"]
[Site "Odense"]
[Date "2011.06.01"]
[Round "1"]
[White "Tikkanen, Hans"]
[Black "Topholm, Morten"]
[Result "1-0"]
[WhiteElo "2560"]
[BlackElo "2159"]
[PlyCount "63"]
[EventDate "2011.06.01"]
[EventType "swiss"]
[EventRounds "9"]
[EventCountry "DEN"]
[SourceTitle "CBM 142 Extra"]
[Source "ChessBase"]
[SourceDate "2011.06.27"]

1. d4 e6 2. c4 f5 3. Nc3 Bb4 4. e3 Nf6 5. Bd3 b6 6. Nge2 Bb7 7. O-O O-O 8. f3
Nh5 9. Qc2 Qh4 10. Bd2 Bd6 11. f4 Na6 12. a3 Rf6 13. Be1 Qg4 14. Ng3 Nxg3 15.
Bxg3 Rh6 16. Qa4 Rf8 17. Be2 Qg6 18. Qxd7 Nb8 19. Qa4 Bc6 20. Qd1 a6 21. b4 Rf6
22. Bf3 Bd7 23. e4 fxe4 24. Nxe4 Be7 25. Nxf6+ Bxf6 26. Bf2 Qf5 27. Qd2 g5 28.
fxg5 Bxg5 29. Be3 Bxe3+ 30. Qxe3 Qg6 31. Qf4 Qg7 32. Qxc7 1-0

[Event "Fynsmesterskabet"]
[Site "Odense"]
[Date "2011.06.01"]
[Round "1"]
[White "Wilton, Lars"]
[Black "Brunello, Sabino"]
[Result "0-1"]
[WhiteElo "2144"]
[BlackElo "2537"]
[PlyCount "96"]
[EventDate "2011.06.01"]
[EventType "swiss"]
[EventRounds "9"]
[EventCountry "DEN"]
[SourceTitle "CBM 142 Extra"]
[Source "ChessBase"]
[SourceDate "2011.06.27"]

1. d4 Nf6 2. Nf3 c5 3. d5 d6 4. Nc3 Bf5 5. Bg5 Qb6 6. e4 Nxe4 7. Bb5+ Kd8 8.
Bd3 Nxc3 9. bxc3 Bxd3 10. Qxd3 Nd7 11. O-O h6 12. Bd2 c4 13. Qf5 Nf6 14. Be3
Qb5 15. Rfd1 e6 16. a4 Qa5 17. Qf4 e5 18. Qxc4 Qc7 19. Qb3 Nd7 20. Nd2 f5 21.
f3 Be7 22. Rdb1 Bg5 23. c4 Bxe3+ 24. Qxe3 g5 25. a5 Ke7 26. Rb4 Rhf8 27. Rab1
b6 28. Nb3 Kf6 29. g4 fxg4 30. fxg4 bxa5 31. Ra4 Nb6 32. Raa1 Qxc4 33. Nd2
Qxg4+ 34. Kh1 Kg7 35. Rxa5 Nc4 36. Nxc4 Qxc4 37. Qd3 Qxd3 38. cxd3 Rf7 39. Ra6
Rd8 40. Kg2 Kg6 41. Re1 Kh5 42. Re3 Rdd7 43. Re4 Rf4 44. Rea4 Kg6 45. Rc4 Rxc4
46. dxc4 Kf5 47. Kf3 e4+ 48. Ke3 Ke5 0-1